00412nam a2200133Ia 4500020001500000082001900015100002000034245004500054260004000099300000900139504002600148650005200174650005200226 a8173044619 a958.1044 MEH-M aMehta, Jagat S. 0aMarch of folly in Afghanistan: 1978-2001 aNew DelhibManohar Publishersc2002 a224p aincludes bibliography aAfghanistanvPolitics and governmentz1973-1989 aAfghanistanvPolitics and governmentz1989-2001